History of mediaeval Hindu India / (Record no. 136774)

MARC details
000 -LEADER
fixed length control field 00636nam a22002057a 4500
010 ## - LIBRARY OF CONGRESS CONTROL NUMBER
LC control number 940709
035 ## - SYSTEM CONTROL NUMBER
System control number 940709
037 ## - SOURCE OF ACQUISITION
Source of stock number/acquisition Cen Lib / Ret
040 ## - CATALOGING SOURCE
Original cataloging agency DPL
Language of cataloging EN
082 ## - DEWEY DECIMAL CLASSIFICATION NUMBER
Classification number 954.02
Item number VAJ
100 ## - MAIN ENTRY--PERSONAL NAME
Personal name Vaidya, C. V.
245 ## - TITLE STATEMENT
Title History of mediaeval Hindu India /
Statement of responsibility, etc by C. V. Vaidya
260 ## - PUBLICATION, DISTRIBUTION, ETC. (IMPRINT)
Place of publication, distribution, etc New Delhi
Name of publisher, distributor, etc Cosmo Publications
Date of publication, distribution, etc 1979
270 ## - ADDRESS
Address 24B, Ansari Road, Daryaganj
City New Delhi
Postal code 110002
300 ## - PHYSICAL DESCRIPTION
Extent v 2. 354p
Other physical details 24cm(hb)
505 ## - FORMATTED CONTENTS NOTE
Formatted contents note v 2. Hindu Supremacy
650 ## - SUBJECT ADDED ENTRY--TOPICAL TERM
Topical term or geographic name as entry element India -- History -- 324 B.C.-1000 A.D.
650 ## - SUBJECT ADDED ENTRY--TOPICAL TERM
Topical term or geographic name as entry element India -- History -- 1000-1526.
942 ## - ADDED ENTRY ELEMENTS (KOHA)
Source of classification or shelving scheme Dewey Decimal Classification
Koha item type English Books
Classification part 954.02
Call number suffix VAJ
Holdings
Withdrawn status Lost status Source of classification or shelving scheme Materials specified (bound volume or other part) Damaged status Not for loan Home library Current library Date acquired Source of acquisition Total Checkouts Total Renewals Full call number Barcode Date last seen Date checked out Copy number Price effective from Koha item type
    Dewey Decimal Classification v 2     Central Library Central Library 09/03/2016 Cen Lib/Ret 3 2 954.02 VAJ 940709 06/04/2023 23/02/2023 1 09/03/2016 English Books

© Delhi Public Library
Hit Counter
free hit counter